Programmed learning aid for production and operations management (Record no. 16258)
[ view plain ]
| 000 -LEADER | |
|---|---|
| fixed length control field | 01030nam a2200325I 4500 |
| 001 - CONTROL NUMBER | |
| control field | 16258 |
| 003 - CONTROL NUMBER IDENTIFIER | |
| rucl marc code | BD-RjUL |
| 005 - DATE AND TIME OF LATEST TRANSACTION | |
| control field | 20211209000003.0 |
| 008 - FIXED-LENGTH DATA ELEMENTS--GENERAL INFORMATION | |
| fixed length control field | 740430s1981 ilua 001 0 eng u |
| 020 ## - INTERNATIONAL STANDARD BOOK NUMBER | |
| International Standard Book Number | 0256022224 |
| 035 ## - SYSTEM CONTROL NUMBER | |
| System control number | (BD-RjUL)16313 |
| System control number | (OCoLC)00872436 |
| System control number | GLIS00001955 |
| 040 ## - CATALOGING SOURCE | |
| Transcribing agency | OSU |
| Modifying agency | m.c. |
| -- | MYG |
| -- | BD-RjUL |
| Original cataloging agency | MCM |
| Language of cataloging | eng |
| 041 ## - LANGUAGE CODE | |
| Language code of text/sound track or separate title | eng |
| 082 ## - DEWEY DECIMAL CLASSIFICATION NUMBER | |
| Classification number | 658.4 |
| Author mark and year | BUP 1981 |
| 090 ## - LOCALLY ASSIGNED LC-TYPE CALL NUMBER (OCLC); LOCAL CALL NUMBER (OCLC) | |
| Classification number (OCLC) (R) ; Classification number, CALL (RLIN) (NR) | TS155 |
| Local cutter number (OCLC) ; Book number/undivided call number, CALL (RLIN) | .B8 |
| 099 ## - LOCAL FREE-TEXT CALL NUMBER (OCLC) | |
| Bangla Class number | TS155.B8 |
| 100 1# - MAIN ENTRY--PERSONAL NAME | |
| Personal name | Buffa, Elwood Spencer, |
| Dates associated with a name | 1923- |
| 9 (RLIN) | 45750 |
| 245 10 - TITLE STATEMENT | |
| Title | Programmed learning aid for production and operations management |
| Statement of responsibility, etc. | Elwood S. Buffa; coordinating editor Roger H. Hermanson. |
| 250 ## - EDITION STATEMENT | |
| Edition statement | Rev. ed. |
| 260 ## - PUBLICATION, DISTRIBUTION, ETC. (IMPRINT) | |
| Place of publication, distribution, etc. | Homewood, Ill. : |
| Name of publisher, distributor, etc. | Learning Systems Co., |
| Date of publication, distribution, etc. | c1981. |
| 300 ## - PHYSICAL DESCRIPTION | |
| Pagination | xi, 208 p. : |
| Illustrations | ill. ; |
| Size | 26 cm. |
| 490 1# - SERIES STATEMENT | |
| Series statement | Irwin programmed learning aid series. |
| 650 #0 - SUBJECT ADDED ENTRY--TOPICAL TERM | |
| Topical term or geographic name as entry element | Industrial management. |
| 9 (RLIN) | 50279 |
| Topical term or geographic name as entry element | Production management. |
| 9 (RLIN) | 50280 |
| 700 1# - ADDED ENTRY--PERSONAL NAME | |
| Personal name | Hermanson, Roger H. |
| 830 #0 - SERIES ADDED ENTRY--UNIFORM TITLE | |
| Uniform title | Irwin PLAID series. |
| 942 ## - ADDED ENTRY ELEMENTS (KOHA) | |
| Source of classification or shelving scheme | Dewey Decimal Classification |
| Koha item type | Books |
| Lost status | Source of classification or shelving scheme | Damaged status | Not for loan | Collection code | Permanent Location | Current Location | Shelving location | Date acquired | Source of acquisition | Total Checkouts | Full call number | Date last seen | Copy number | Koha item type |
|---|---|---|---|---|---|---|---|---|---|---|---|---|---|---|
| Dewey Decimal Classification | Non-fiction | Central Library, University of Rajshahi | Central Library, University of Rajshahi | 08/04/1985 | Asia foundation | 658.4 BUP 1981 | 13/02/2014 | C-2 | Books | |||||
| Dewey Decimal Classification | Not For Loan | Non-fiction | Central Library, University of Rajshahi | Central Library, University of Rajshahi | Reading Room | 08/04/1985 | Asia foundation | 658.4 BUP 1981 | 19/01/2017 | C-1 | Books |